01328nam a2200289 a 450000100100000000500170001000800410002702000150006804000250008304100390010808200200014710000240016724000760019124501470026726000410041430000430045549000330049850400740053153400960060565000560070165000560075770000350081383000400084804900090088895201240089799900170102100002290220200930021851.0101122s1990 ag abc r 000 0 spa d a9501800970 aDO-SdBNPbspacBNPHU17aspaheng2Código de idiomas MARC a325.0973bB668t1 aBodnar John,94707014aThe transplanted: a history of immigrants in urban America.lEspañol.14aLos trasplantados :buna historia de quienes emigraron a las ciudades de Estados Unidos : /cJohn Bodnar ; traducción de Graciela Arancibia. aBuenos Aires :bTres Tiempos,c1990. a411 p. :bil., mapas, retrs. ;c20 cm.1 aColección del hoy candente aIncluye referencias bibliográficas y notas al pie de las páginas. pTítulo original en inglés:tThe transplanted: a history of immigrants in urban America. 4aEmigración e inmigraciónzEstados Unidos947071 4aMovimiento de la poblaciónzEstados Unidos9470721 aArancibia, Gracia,etr.947073 0aColección del hoy candente947074 aBNGR 001052708MOaGRbGRcCTd2010-11-22iLF1l0o325.0973 B668tp22902-10r2020-06-25w2020-06-25y2ZPréstamo interno c22399d22399